wymień traktor na każdą literę alfabetu - Statystyki

Ogólne statystyki
  • Ten quiz został rozwiązany 56 razy
  • Średni wynik to 9 z 21
Statystyki odpowiedzi
litera marka traktoru % Poprawnych
U ursus / utb
91%
Z zetor / zts
80%
F fiat / fendt / fiatagri / farmer / ford / frodson / fortschritt / farm-trac
72%
J john-deere / jcb / jumz
70%
C case / claas / crystal / Challenger / Chamberlain
67%
N new holland
63%
M massey-ferguson / mahindra / man / mercedes / mccormick / Muir Hill / Mitsubishi
61%
L landini / lindner / lamborgini / ltz / lanz / lovol / leda / long
52%
V valtra / valmet / vtz / volvo / versatile
52%
K kirovets / kubota / ktz / kramer
50%
B belarus / big-bud
46%
D deutz-fahr / david-borwn / dutra
46%
S solos / steyr / same / skoda / stara / Steiger
37%
A arbos / Antonio Carraro
33%
P pronar / polmot / porsche
26%
H htz / hurliman
22%
I imt / iseki / ifa / International
22%
R rigi-trac / renault / raba
22%
E eicher / escort
9%
T tym
7%
O Oliver
2%
Nie znaleziono quizów pasujących do podanych kryteriów
Rozkład punktacji
Procent ludzi z każdym wynikiem
Percentyl według liczby udzielonych odpowiedzi
Twoja historia wyników
Nie rozwiązałeś tego quizu